Header

La literatura argentina : (Registro nro. 29540)

Detalles MARC
000 -CABECERA
campo de control de longitud fija 00776nas a2200217 a 4500
001 - NÚMERO DE CONTROL
campo de control 29540
003 - IDENTIFICADOR DE NÚMERO DE CONTROL
campo de control AR-BaAGN
005 - FECHA Y HORA DE LA ÚLTIMA TRANSACCIÓN
campo de control 20231103123720.0
007 - CAMPO FIJO DE DESCRIPCIÓN FÍSICA--INFORMACIÓN GENERAL
campo de control de longitud fija ta
008 - DATOS DE LONGITUD FIJA--INFORMACIÓN GENERAL
campo de control de longitud fija 220701s1931 ag |||p|r||||f|||||0spa d
040 ## - FUENTE DE CATALOGACIÓN
Centro catalogador/agencia de origen AR-BaAGN
Lengua de catalogación español
Normas de descripción aacr
942 ## - ELEMENTOS DE ENTRADA SECUNDARIOS (KOHA)
Tipo de ítem Koha Revista
245 00 - MENCIÓN DEL TÍTULO
Título La literatura argentina :
Resto del título revista bibliográfica.
260 ## - PUBLICACIÓN, DISTRIBUCIÓN, ETC.
Lugar de publicación, distribución, etc. Buenos Aires :
Nombre del editor, distribuidor, etc. L. J. Rosso,
Fecha de publicación, distribución, etc. 1931.
300 ## - DESCRIPCIÓN FÍSICA
Extensión [28] páginas :
Otras características físicas il., fotos
336 ## - TIPO DE CONTENIDO
Fuente rdacontent
Código de tipo de contenido texto
337 ## - TIPO DE MEDIO
Fuente rdamedia
Código del tipo de medio no mediado
338 ## - TIPO DE SOPORTE
Fuente rdacarrier
Código del tipo de soporte volumen
520 ## - RESUMEN, ETC.
Sumario, etc. ¿Qué tareas corresponden actualmente a la Sociedad Argentina de Escritores?. Consideraciones sobre el balance literario de 1930, por Raquel Adler. Actualidad bibliográfica. La producción bibliográfica argentina del año 1930
Existencias
Estado de retiro Estado de pérdida Estado de daño Biblioteca actual Ubicación en estantería Enumeración/cronología de publicación seriada Signatura topográfica completa Código de barras Tipo de ítem Koha
      Biblioteca del Archivo General de la Nación Ernesto H. Celesia - Hemeroteca No. 29, año 3 (ene. 1931) EC.h 036-007 Caja 16 CH36-7-CAJA16 Revista

Contacto

Dirección: Av. Leandro Alem 246, 3er piso (CABA).
Código postal: C1003AAP
Teléfono: 2206-0013
Correo electrónico: comunicacionagn@mininterior.gob.ar
Sitio Web: www.argentina.gob.ar/interior/archivo-general-de-la-nacion

AGN en las redes sociales

Facebook  /  Twitter  /  Instagram